=LDR 00000nam 2200000 4500 =001 INLIS000000000030583 =005 20130612132721 =008 ***********************************Ind** =035 ##$$0010-061300000030583 =041 ##$$a Ind =082 ##$$a 342.068 =090 ##$$a 342.068, Pri d =100 ##$$a Priyodarminto, Soegeng =245 ##$$a Duri dan mutiara dalam kehidupan perkawinan PNS, Soegeng Priyodarminto =260 ##$$a 1994 $b Jakarta =300 ##$$a xvi, 188 hlm, ilus, 21 cm =650 ##$$a Pegawai negeri - Perkawinan =850 ##$$a NBPNMAT =990 ##$$a 21602508/BPAP-NTB/2017